Ejercicios de estadística descriptiva para economistas (Registro nro. 1327)

Detalles MARC
000 -LEADER
fixed length control field 00760 a2200217 4500
001 - CONTROL NUMBER
control field 25219
005 - DATE AND TIME OF LATEST TRANSACTION
control field 20260407155536.0
008 - FIXED-LENGTH DATA ELEMENTS--GENERAL INFORMATION
fixed length control field 260407a1973 arg spa d
003 - CONTROL NUMBER IDENTIFIER
control field AR-UNSa-BCEJYS
040 ## - CATALOGING SOURCE
Original cataloging agency AR-UNSa-BCEJYS
Language of cataloging spa
Transcribing agency AR-UNSa-BCEJYS
080 ## - UNIVERSAL DECIMAL CLASSIFICATION NUMBER
Universal Decimal Classification number 519.2
Common auxiliary subdivision Probabilidades y estadística matemática<br/>
020 ## - INTERNATIONAL STANDARD BOOK NUMBER
International Standard Book Number 84-344-0120-7
041 ## - LANGUAGE CODE
Language code of text/sound track or separate title spa
100 1# - MAIN ENTRY--PERSONAL NAME
Personal name Garcia Barbancho, Alfonso
245 10 - TITLE STATEMENT
Title Ejercicios de estadística descriptiva para economistas
264 #1 - PRODUCTION, PUBLICATION, DISTRIBUTION, MANUFACTURE, AND COPYRIGHT NOTICE
Place of production, publication, distribution, manufacture Barcelona :
Name of producer, publisher, distributor, manufacturer Ariel
Date of production, publication, distribution, manufacture, or copyright notice 1973
300 ## - PHYSICAL DESCRIPTION
Extent 178 p.
Dimensions 22 cm.
505 ## - FORMATTED CONTENTS NOTE
Formatted contents note 1. Análisis de una variable - 2. Análisis conjunto de dos variables - 3. Análisis conjunto de tres o más variables - 4. Serie temporales.
590 ## - LOCAL NOTE (RLIN)
Local note niveau_biblio:m niveau_hierar:0
942 ## - ADDED ENTRY ELEMENTS (KOHA)
Koha item type
Existencias
Withdrawn status Lost status Damaged status Not for loan Home library Current library Shelving location Date acquired Total checkouts Full call number Barcode Date last seen Price effective from Koha item type
        Biblioteca Prof. Eusebio Cleto del Rey Biblioteca Prof. Eusebio Cleto del Rey   07/04/2026   519.2 G216e L13447 07/04/2026 07/04/2026 Libro